000 00868nam a22002777a 4500
001 0011851
003 DO-SdBPM
005 20250516095534.0
007 0011851
008 161129b1997 sp ||| 00| 0 spa d
020 _a8434854821
040 _aDO-SdBPM
_bspa
_cBPMSU
082 4 _a843.47
_bP454b 1997
_222
100 1 _aPerrault, Charles
245 1 3 _aLa bella durmiente /
_cCharles Perrault, Eva Sýkorová-Pekáková ; traducción María Menéndez
260 _aMadrid :
_bS. M.,
_c1997.
300 _a36 p. :
_bil.,
_c22 cm.
534 _pTítulo original :
_tSipková Rzenka
590 _aInventariado, 2025/VM
650 4 _aCuentos infantiles franceses
650 4 _aHadas
_vCuentos infantiles
650 4 _aLibros ilustrados para niños
700 1 _aMenéndez, María,
_etraductor
910 _aVMateo V. Control de calidad. BPMSU
942 _2ddc
_cBK
999 _c12172
_d12172